حقوق الإنسان في الوطن العربي : (Record no. 6213)
[ view plain ]
| 000 -الفاتح | |
|---|---|
| حقل البيانات ثابتة الطول | 00739nac a22001331u 4500 |
| 008 - عناصر البيانات ثابتة الطول - معلومات عامة | |
| حقل البيانات ثابتة الطول | 081027s2004 xxu||||| |||| 00| 0 ara d |
| 082 ## - رقم تصنيف ديوى العشرى | |
| رقم التصنيف | 320.956 |
| رقم الطبعة | 22 |
| رقم المادة | ح ق و |
| 245 ## - بيان العنوان | |
| العنوان | حقوق الإنسان في الوطن العربي : |
| بيان المسئوليه,etc | تقرير المنظمة العربية لحقوق الإنسان عن حالة حقوق الإنسان فى الوطن العربى / |
| بقية العنوان | المنظمة العربية لحقوق الإنسان |
| 246 ## - العنوان الموازى | |
| عنوان صحيح/عنوان مختصر | تقرير المنظمة العربية لحقوق الإنسان عن حالة حقوق الإنسان في الوطن العربي / |
| 260 ## - PUBLICATION, DISTRIBUTION, ETC. (IMPRINT) | |
| مكان الناشر او الموزع | القاهرة : |
| اسم الناشر او الموزع | المنظمة ،2004 |
| تاريخ النشر أو التوزيع | 2004. |
| 300 ## - الوصف المادى | |
| التعداد | 293 ص ؛ |
| أبعاد الوعاء | 24 سم. |
| 511 ## - | |
| -- | Catalogued by: Sara |
| 942 ## - عناصر المدخل الإضافي( كوها) | |
| Koha [default] item type | Book - Borrowing |
| سابقة رقم الطلب | 320.956 ح ق و |
| مصدر التصنيف او مخطط الترفيف | Dewey Decimal Classification |
| حالة التراجع | حالة الفقد | مصدر التصنيف او خطة الترفيف | حالة تلف | ليس للاعارة | مجموعات كوها | المكان الدائم | المكان الحالي | موقع الترفيف | تاريخ الاكتساب | Source of acquisition | رقم الاستدعاء | الباركود | Date last seen | مُعار | نوع الوعاء |
|---|---|---|---|---|---|---|---|---|---|---|---|---|---|---|---|
| Dewey Decimal Classification | Alef-Baa | Central Library | Central Library | First floor | 18/11/2007 | 320.956 ح ق و | 000007787 | 15/07/2025 | 22/02/2025 | Book - Borrowing |